Landmarks in Indian Legal and Constitutional history / (Record no. 1109)
[ view plain ]
| 000 -LEADER | |
|---|---|
| fixed length control field | 00735nam a22002297a 4500 |
| 001 - CONTROL NUMBER | |
| control field | 11694 |
| 003 - CONTROL NUMBER IDENTIFIER | |
| control field | BD-DhUAP |
| 005 - DATE AND TIME OF LATEST TRANSACTION | |
| control field | 20200202205218.0 |
| 008 - FIXED-LENGTH DATA ELEMENTS--GENERAL INFORMATION | |
| fixed length control field | 200202r20061959ii ||||| b||| 001 0 eng d |
| 020 ## - INTERNATIONAL STANDARD BOOK NUMBER | |
| International Standard Book Number | 8170128536 |
| 040 ## - CATALOGING SOURCE | |
| Original cataloging agency | BD-DhUAP |
| Language of cataloging | Eng |
| Transcribing agency | BD-DhUAP |
| Modifying agency | BD-DhUAP |
| 082 ## - DEWEY DECIMAL CLASSIFICATION NUMBER | |
| Edition number | 23 |
| Classification number | 340.0954 KUL |
| 100 ## - MAIN ENTRY--PERSONAL NAME | |
| Personal name | Kulshreshtha, V. D. |
| 245 ## - TITLE STATEMENT | |
| Title | Landmarks in Indian Legal and Constitutional history / |
| Statement of responsibility, etc. | V. D. Kulshreshtha ; revised by B. M. Gandhi. |
| 250 ## - EDITION STATEMENT | |
| Edition statement | 8th ed. |
| 260 ## - PUBLICATION, DISTRIBUTION, ETC. | |
| Place of publication, distribution, etc. | Lucknow : |
| Name of publisher, distributor, etc. | Eastern Book Company, |
| Date of publication, distribution, etc. | C1959 [Reprinted 2006] |
| 300 ## - PHYSICAL DESCRIPTION | |
| Extent | xxxi, 556, [16] pages ; |
| Dimensions | 24 cm. |
| 504 ## - BIBLIOGRAPHY, ETC. NOTE | |
| Bibliography, etc. note | Include bibliography and index. |
| 651 ## - SUBJECT ADDED ENTRY--GEOGRAPHIC NAME | |
| Geographic name | Constitutional history |
| Geographic subdivision | India. |
| 700 ## - ADDED ENTRY--PERSONAL NAME | |
| Personal name | Gandhi, B. M. |
| 942 ## - ADDED ENTRY ELEMENTS (KOHA) | |
| Source of classification or shelving scheme | |
| Koha item type | Book |
| Withdrawn status | Lost status | Source of classification or shelving scheme | Damaged status | Not for loan | Permanent Location | Current Location | Shelving location | Date acquired | Full call number | Barcode | Date last seen | Copy number | Price effective from | Koha item type | Total Checkouts | Date due | Date last checked out |
|---|---|---|---|---|---|---|---|---|---|---|---|---|---|---|---|---|---|
| UAP Central Library | UAP Central Library | General Stacks | 2020-02-02 | 340.0954 KUL | 3010011694 | 2020-02-02 | 1 | 2020-02-02 | Book | ||||||||
| UAP Central Library | UAP Central Library | General Stacks | 2020-02-02 | 340.0954 KUL | 3010011693 | 2020-02-02 | 2 | 2020-02-02 | Book | ||||||||
| UAP Central Library | UAP Central Library | General Stacks | 2020-02-02 | 340.0954 KUL | 3010014294 | 2020-02-02 | 3 | 2020-02-02 | Book | ||||||||
| UAP Central Library | UAP Central Library | General Stacks | 2020-02-02 | 340.0954 KUL | 3010009748 | 2020-02-02 | 4 | 2020-02-02 | Book | ||||||||
| UAP Central Library | UAP Central Library | General Stacks | 2020-02-02 | 340.0954 KUL | 3010012869 | 2020-02-02 | 5 | 2020-02-02 | Book | ||||||||
| UAP Central Library | UAP Central Library | General Stacks | 2020-02-02 | 340.0954 KUL | 3010011697 | 2020-02-02 | 6 | 2020-02-02 | Book | ||||||||
| UAP Central Library | UAP Central Library | General Stacks | 2020-02-02 | 340.0954 KUL | 3010011695 | 2020-02-02 | 7 | 2020-02-02 | Book | ||||||||
| UAP Central Library | UAP Central Library | General Stacks | 2020-02-02 | 340.0954 KUL | 3010014296 | 2020-02-02 | 8 | 2020-02-02 | Book | ||||||||
| UAP Central Library | UAP Central Library | General Stacks | 2020-02-02 | 340.0954 KUL | 3010014297 | 2020-02-02 | 9 | 2020-02-02 | Book | ||||||||
| UAP Central Library | UAP Central Library | General Stacks | 2020-02-02 | 340.0954 KUL | 3010014293 | 2020-02-02 | 10 | 2020-02-02 | Book | ||||||||
| UAP Central Library | UAP Central Library | General Stacks | 2020-02-02 | 340.0954 KUL | 3010015710 | 2022-03-07 | 11 | 2020-02-02 | Book | 1 | 2022-03-22 | 2022-03-07 | |||||
| UAP Central Library | UAP Central Library | General Stacks | 2020-02-02 | 340.0954 KUL | 3010012801 | 2020-02-02 | 12 | 2020-02-02 | Book | ||||||||
| UAP Central Library | UAP Central Library | General Stacks | 2020-02-02 | 340.0954 KUL | 3010009747 | 2020-02-02 | 13 | 2020-02-02 | Book | ||||||||
| UAP Central Library | UAP Central Library | General Stacks | 2020-02-02 | 340.0954 KUL | 3010011696 | 2021-01-31 | 14 | 2020-02-02 | Book | ||||||||
| UAP Central Library | UAP Central Library | General Stacks | 2020-02-02 | 340.0954 KUL | 3010014295 | 2021-01-31 | 15 | 2020-02-02 | Book |
Bengali Keyboard